| 000 | 01086cam a22001934a 4500 | ||
|---|---|---|---|
| 005 | 20250605164035.0 | ||
| 008 | 250528s ||||||||||||||||||||||||d | ||
| 035 | _a16769 | ||
| 020 | _a896599396 | ||
| 040 |
_aGR-AtMCL _bgre _dGR-AtMCL _eAACR2 |
||
| 245 | 1 | _aA Treasury of Illustrated Children's Books / Early Nineteenth-Century Classics from the Osborne Collection | |
| 260 |
_bAllyn And Bacon, _c1989 |
||
| 300 | _a290 | ||
| 520 | _aIntroduction, The Comic Adventures of Old Mother Hubbard and Her Dog, The Butterfly's Birth-day, Death and Burial of Cock Robin, My Daughter and My Pony, The Courtship and Marriage of Jerry and Kitty, The Cries of London as They Are Daily Practiced, An Alphabetical Arrangement of Animals for Little Naturalists, The Good Child's Book of Stops: Or Punctuation in Verse, The History of Sixteen Wonderful Old Women, Dame Wiggins of Lee and Her Seven Wonderful Cats, Cinderella and or The Little Glass Slipper, The Antropologist's Anthology, Bibliography. | ||
| 700 | 1 |
_aVries Leonard De _92859 |
|
| 942 | _cBK | ||
| 999 |
_c2234 _d2234 |
||